[Event "XXVIII Memorial Edoardo Crespi A"]
[Site "Milano ITA"]
[Date "2007.12.08"]
[Round "5"]
[White "Iudicello, Giovanni"]
[Black "Damia, Angelo"]
[Result "0-1"]
[WhiteElo "2171"]
[BlackElo "2266"]
[PlyCount "70"]
[EventDate "2007.12.05"]

1. e4 d6 2. d4 Nf6 3. Nc3 e5 4. Nf3 Nbd7 5. Bc4 Be7 6. O-O O-O 7. Be3 c6 8. a4
a5 9. Qe2 Qc7 10. Rad1 h6 11. Bb3 Ng4 12. Bc1 b6 13. h3 exd4 14. Nxd4 Nge5 15.
Nf5 Nc5 16. Qh5 Bxf5 17. exf5 Nxb3 18. cxb3 d5 19. Rd4 Bf6 20. Rfd1 Rad8 21.
Be3 Qe7 22. Kf1 Rfe8 23. R4d2 Nd7 24. Qg4 Nc5 25. Bxh6 Nxb3 26. Re2 Qb4 27.
Rxe8+ Rxe8 28. Qg3 d4 29. Bxg7 Bxg7 30. f6 Qf8 31. Ne2 Re6 32. fxg7 Qe8 33.
Nxd4 Re1+ 34. Rxe1 Nd2+ 35. Kg1 Qxe1+ 0-1

[Event "XXVIII Memorial Edoardo Crespi A"]
[Site "Milano ITA"]
[Date "2007.12.08"]
[Round "5"]
[White "Martinez, Rolly"]
[Black "Bozzali, Ermanno"]
[Result "1-0"]
[WhiteElo "2447"]
[BlackElo "2136"]
[PlyCount "71"]
[EventDate "2007.12.05"]

1. e4 e5 2. d4 exd4 3. Qxd4 Nc6 4. Qe3 Bb4+ 5. Nc3 d6 6. Bd2 Be6 7. O-O-O Qf6
8. Nd5 Bxd2+ 9. Rxd2 Qd8 10. Qg3 Kf8 11. Ne2 Bxd5 12. exd5 Ne5 13. f4 Nd7 14.
Nc3 Ne7 15. Qf3 h5 16. Bd3 Nc5 17. Re1 a6 18. Rde2 Nxd3+ 19. Qxd3 Ng6 20. g3
Qd7 21. Ne4 Kg8 22. Ng5 h4 23. b3 Rh6 24. Kb2 Rd8 25. Nf3 hxg3 26. hxg3 Rh5 27.
Ng5 Rh6 28. Qe4 Kf8 29. a4 a5 30. Nf3 Kg8 31. Ng5 Kf8 32. Qc4 c6 33. dxc6 bxc6
34. Re7 Ne5 35. R1xe5 dxe5 36. Qxf7# 1-0

[Event "XXVIII Memorial Edoardo Crespi A"]
[Site "Milano ITA"]
[Date "2007.12.08"]
[Round "5"]
[White "Mazzini, Antonio"]
[Black "D'Apa, Matteo"]
[Result "1/2-1/2"]
[WhiteElo "2106"]
[BlackElo "2085"]
[PlyCount "92"]
[EventDate "2007.12.05"]

1. d4 d5 2. c4 c6 3. Nc3 Nf6 4. Nf3 e6 5. Bg5 Be7 6. e3 Nbd7 7. Rc1 O-O 8. Qc2
b6 9. cxd5 exd5 10. Bd3 h6 11. Bxf6 Nxf6 12. O-O Bb7 13. Ne5 c5 14. Qe2 c4 15.
Bb1 Bb4 16. Nd1 b5 17. a3 Bd6 18. Nc3 Qe8 19. f4 a5 20. e4 dxe4 21. Nxe4 Nxe4
22. Bxe4 Bxe4 23. Qxe4 Rd8 24. Rfe1 Bxe5 25. dxe5 Qd7 26. Rc2 Qd4+ 27. Qe3 Rd5
28. Kf2 Rfd8 29. Qxd4 Rxd4 30. Kf3 Kf8 31. Re4 Rd1 32. a4 R1d2 33. Re2 R8d3+
34. Kf2 Rxc2 35. Rxc2 bxa4 36. Rxc4 a3 37. bxa3 Rxa3 38. Rc7 a4 39. Ra7 Ra1 40.
f5 a3 41. e6 fxe6 42. fxe6 a2 43. h4 Rh1 44. Rxa2 Rxh4 45. Kf3 g5 46. g3 Rc4
1/2-1/2

[Event "XXVIII Memorial Edoardo Crespi A"]
[Site "Milano ITA"]
[Date "2007.12.08"]
[Round "5"]
[White "Moreschi, Mauro"]
[Black "Calvi, Gianluca"]
[Result "0-1"]
[WhiteElo "1944"]
[BlackElo "1901"]
[PlyCount "114"]
[EventDate "2007.12.05"]

1. e4 e6 2. b3 d5 3. Bb2 dxe4 4. Nc3 Nf6 5. Qe2 Nc6 6. Nxe4 Be7 7. Nf3 O-O 8.
h4 Nxe4 9. Qxe4 Bf6 10. d4 Qd5 11. Bd3 Qxe4+ 12. Bxe4 Nb4 13. a3 Na6 14. O-O-O
c6 15. Ng5 g6 16. f4 Bd7 17. h5 Bxg5 18. fxg5 f5 19. gxf6 g5 20. Rdf1 Rf7 21.
h6 Nc7 22. Rh5 Kh8 23. Rxg5 Rg8 24. Rg7 Be8 25. Rxh7+ Rxh7 26. Bxh7 Kxh7 27. g4
Bf7 28. Rg1 Kxh6 29. Kd1 Nd5 30. Bc1+ Kg6 31. g5 Rh8 32. c4 Nc7 33. Kc2 Rh4 34.
Kd3 b5 35. Re1 bxc4+ 36. bxc4 Rh3+ 37. Be3 Ne8 38. Kc3 a5 39. d5 exd5 40. cxd5
Bxd5 41. Kd4 Nd6 42. Kc5 Nf5 43. Bc1 Rc3+ 44. Kb6 Rb3+ 45. Kxa5 Rb5+ 46. Ka6
Nd6 47. a4 Rb4 48. Ka5 Rb8 49. Bf4 Nc4+ 50. Ka6 Ra8+ 51. Kb7 Rxa4 52. Bc1 Nd6+
53. Kc7 Ne4 54. Kb6 Rb4+ 55. Ka5 Rb5+ 56. Ka4 Nc3+ 57. Ka3 Rb3# 0-1

[Event "XXVIII Memorial Edoardo Crespi A"]
[Site "Milano ITA"]
[Date "2007.12.08"]
[Round "5"]
[White "Piantoni, Pierino"]
[Black "Colica, Daniele"]
[Result "0-1"]
[WhiteElo "1942"]
[BlackElo "1860"]
[PlyCount "76"]
[EventDate "2007.12.05"]

1. c4 e5 2. Nc3 f5 3. g3 Nf6 4. Bg2 c6 5. Qb3 Na6 6. a3 Nc5 7. Qa2 a5 8. Nf3 d6
9. O-O g6 10. d4 exd4 11. Nxd4 Bg7 12. b3 O-O 13. Rb1 Ng4 14. Qd2 Qf6 15. e3
Ne5 16. Bb2 a4 17. Qd1 Nxb3 18. Nxb3 axb3 19. Ne2 Qe7 20. Qxb3 Be6 21. Bxe5
dxe5 22. Rfc1 b5 23. Bxc6 bxc4 24. Qb4 Ra7 25. Nc3 Qf7 26. e4 Rd8 27. a4 f4 28.
Rd1 Rd3 29. Rxd3 cxd3 30. Qb8+ Bf8 31. Qd8 fxg3 32. hxg3 Kg7 33. Qxd3 Bc5 34.
Qd2 Qf3 35. Kh2 Qh5+ 36. Kg1 Bh3 37. Qd3 Rf7 38. Rb7 Bxf2+ 0-1

[Event "XXVIII Memorial Edoardo Crespi A"]
[Site "Milano ITA"]
[Date "2007.12.08"]
[Round "5"]
[White "Quagliarella, Sabino Remo"]
[Black "Brunetti, Alessandro"]
[Result "1-0"]
[WhiteElo "1950"]
[BlackElo "2002"]
[PlyCount "109"]
[EventDate "2007.12.05"]

1. d4 g6 2. Nf3 Bg7 3. Bf4 c5 4. c3 cxd4 5. cxd4 Qb6 6. Qd2 Nf6 7. Nc3 Nc6 8.
e4 d6 9. Bb5 O-O 10. Bxc6 bxc6 11. O-O Rb8 12. Rab1 Bg4 13. e5 Nh5 14. Be3 Bxf3
15. gxf3 dxe5 16. dxe5 Qa5 17. f4 Rfd8 18. Qc2 Bh6 19. Qe4 Rb4 20. Qxc6 Bxf4
21. Qc5 Qxc5 22. Bxc5 Rb7 23. Rfe1 Ng7 24. Re4 Ne6 25. Ba3 Bh6 26. Rd1 Rxd1+
27. Nxd1 Kf8 28. Kg2 Ke8 29. Rc4 Kd7 30. b3 Bf4 31. Bb2 Rb5 32. Ra4 Rb7 33. Ra5
Kc6 34. Ne3 Bxe3 35. fxe3 Kb6 36. Ra4 Kb5 37. Kg3 Nc5 38. Rc4 Rc7 39. Kf3 Ne6
40. Rxc7 Nxc7 41. Ba3 e6 42. e4 Kc6 43. Kg4 Kd7 44. Kg5 h5 45. Kf6 Ke8 46. Bb2
a6 47. a4 Kf8 48. Ba3+ Ke8 49. Bb4 Na8 50. Ba5 Kf8 51. b4 Ke8 52. b5 axb5 53.
axb5 Kd7 54. Kxf7 g5 55. Kg6 1-0

[Event "XXVIII Memorial Edoardo Crespi A"]
[Site "Milano ITA"]
[Date "2007.12.08"]
[Round "5"]
[White "Quaranta, Cristiano"]
[Black "Astengo, Corrado"]
[Result "1/2-1/2"]
[WhiteElo "2070"]
[BlackElo "2122"]
[PlyCount "29"]
[EventDate "2007.12.05"]

1. Nf3 d5 2. d4 c6 3. c4 Nf6 4. Nc3 a6 5. c5 Bg4 6. Ne5 Bf5 7. Qb3 Qc8 8. f3
Nbd7 9. e4 Be6 10. Nxd7 Nxd7 11. exd5 cxd5 12. Nxd5 Qc6 13. Bc4 Rd8 14. Bf4
Nxc5 15. dxc5 1/2-1/2

[Event "XXVIII Memorial Edoardo Crespi A"]
[Site "Milano ITA"]
[Date "2007.12.08"]
[Round "5"]
[White "Vinzoni, Andrea"]
[Black "Rettore, Ludwig"]
[Result "1-0"]
[WhiteElo "2073"]
[BlackElo "2177"]
[PlyCount "77"]
[EventDate "2007.12.05"]

1. d4 d5 2. c4 e6 3. Nc3 Nf6 4. Bg5 Be7 5. e3 O-O 6. Nf3 h6 7. Bh4 b6 8. cxd5
exd5 9. Bd3 Be6 10. Ne5 Nfd7 11. Bxe7 Qxe7 12. O-O Nxe5 13. dxe5 Nd7 14. f4 f5
15. Bb5 Nb8 16. Nxd5 Qc5 17. Nc3 Qxe3+ 18. Kh1 a6 19. Ba4 Kh8 20. Rc1 b5 21.
Bb3 Bxb3 22. axb3 c6 23. Qd6 Re8 24. Rce1 Qa7 25. Qg6 Nd7 26. Qxf5 Nc5 27. Ne4
Rf8 28. Qg6 Nd3 29. Nf6 gxf6 30. Qxd3 f5 31. e6 Qg7 32. e7 Rg8 33. g3 Rae8 34.
Qd6 Kh7 35. Re5 Qg6 36. Re6 Qh5 37. Kg2 Rg6 38. Rfe1 Reg8 39. Rxg6 1-0

[Event "XXVIII Memorial Edoardo Crespi A"]
[Site "Milano ITA"]
[Date "2007.12.08"]
[Round "5"]
[White "Virzi, Ettore"]
[Black "Hubschmid, Stefan"]
[Result "0-1"]
[WhiteElo "1956"]
[BlackElo "2066"]
[PlyCount "128"]
[EventDate "2007.12.05"]

1. e4 e5 2. Nf3 Nc6 3. Bb5 a6 4. Ba4 Nf6 5. O-O Nxe4 6. d4 b5 7. Bb3 d5 8. dxe5
Be6 9. Nbd2 Nc5 10. c3 Bg4 11. h3 Bh5 12. Bc2 Qd7 13. Re1 Rd8 14. Nb3 Ne6 15.
g4 Bg6 16. Nfd4 Bxc2 17. Qxc2 h5 18. f4 Nexd4 19. Nxd4 Nxd4 20. cxd4 hxg4 21.
e6 fxe6 22. Qg6+ Qf7 23. Rxe6+ Be7 24. hxg4 Qxg6 25. Rxg6 Bf6 26. Be3 Kf7 27.
f5 Rde8 28. Bf2 Re4 29. Rc1 Rc8 30. Rc6 Bxd4 31. Bxd4 Rxd4 32. Rxa6 Rd2 33.
Rac6 Rxb2 34. Rge6 Rxa2 35. g5 Ra4 36. g6+ Kg8 37. Rxc7 Raa8 38. Rb7 Rab8 39.
Rxb8 Rxb8 40. Rd6 b4 41. Rxd5 b3 42. Rd1 b2 43. Rb1 Kf8 44. Kf2 Ke7 45. Ke3 Kf6
46. Ke4 Rb4+ 47. Kd3 Kxf5 48. Kc3 Rb8 49. Kc2 Kxg6 50. Rg1+ Kh7 51. Rh1+ Kg8
52. Kb1 g6 53. Rg1 Kg7 54. Rg2 Rb5 55. Rh2 g5 56. Rf2 Kg6 57. Rg2 Rb4 58. Rf2
g4 59. Rf8 Kg5 60. Rg8+ Kf4 61. Rf8+ Kg3 62. Rd8 Kh3 63. Rh8+ Kg2 64. Rd8 g3
0-1

[Event "XXVIII Memorial Edoardo Crespi A"]
[Site "Milano ITA"]
[Date "2007.12.08"]
[Round "5"]
[White "Zacco, Remo"]
[Black "Papale, Carmelo"]
[Result "0-1"]
[WhiteElo "1994"]
[BlackElo "1899"]
[PlyCount "49"]
[EventDate "2007.12.05"]

1. Nf3 Nf6 2. e3 d5 3. b3 e6 4. Bb2 c5 5. Be2 Bd6 6. O-O Nc6 7. d4 O-O 8. Nbd2
Qc7 9. a3 a6 10. dxc5 Bxc5 11. Bxf6 gxf6 12. c4 dxc4 13. Ne4 Be7 14. Bxc4 b5
15. Be2 Bb7 16. Qc2 Rac8 17. Rfc1 Qb8 18. Qb2 Ne5 19. Nxe5 Qxe5 20. Qxe5 fxe5
21. Rxc8 Rxc8 22. Ng3 Rc3 23. b4 f5 24. Bf1 Kf7 25. Ne2 0-1

[Event "XXVIII Memorial Edoardo Crespi A"]
[Site "Milano ITA"]
[Date "2007.12.08"]
[Round "6"]
[White "Astengo, Corrado"]
[Black "Hubschmid, Stefan"]
[Result "0-1"]
[WhiteElo "2122"]
[BlackElo "2066"]
[PlyCount "102"]
[EventDate "2007.12.05"]

1. e4 e5 2. Nf3 Nc6 3. Bb5 a6 4. Ba4 Nf6 5. O-O Nxe4 6. d4 b5 7. Bb3 d5 8. dxe5
Be6 9. Be3 Bc5 10. Qe2 O-O 11. c3 f6 12. Nbd2 Bxe3 13. Nxe4 Bb6 14. exf6 Na5
15. Neg5 Bf5 16. Qe5 gxf6 17. Bxd5+ Kg7 18. Qxf5 fxg5 19. Qe5+ Rf6 20. Bxa8
Qxa8 21. Qe7+ Rf7 22. Qxg5+ Kh8 23. Rad1 c5 24. Rd2 Nc4 25. Rd5 Rg7 26. Qf5
Nxb2 27. Rd7 Qc8 28. Ne5 Bc7 29. Rf7 Qxf5 30. Rxf5 Re7 31. Nd3 Nxd3 32. Rf3 c4
33. Re3 Rxe3 34. fxe3 Be5 35. Rf8+ Kg7 36. Ra8 b4 37. cxb4 c3 38. Rc8 Nxb4 39.
a3 Nc2 40. Rc5 Kf6 41. Rc6+ Kf5 42. Rxa6 Nxe3 43. Kf2 Ke4 44. Ke2 Nxg2 45. Rc6
Nf4+ 46. Kd1 Kd3 47. Rc8 Ng2 48. Rd8+ Bd4 49. a4 Nf4 50. Rc8 Nd5 51. Kc1 Nb4
0-1

[Event "XXVIII Memorial Edoardo Crespi A"]
[Site "Milano ITA"]
[Date "2007.12.08"]
[Round "6"]
[White "Barberi, Alessandro"]
[Black "Arboscelli, Gregorio"]
[Result "1-0"]
[WhiteElo "2157"]
[BlackElo "1913"]
[PlyCount "40"]
[EventDate "2007.12.05"]

1. d4 d5 2. Nf3 c5 3. e3 Nc6 4. b3 e6 5. Bb2 Nf6 6. Nbd2 Bd6 7. a3 O-O 8. Bd3
Qc7 9. dxc5 Bxc5 10. Bxf6 gxf6 11. h4 d4 12. Bxh7+ Kh8 13. Ne4 dxe3 14. Nfg5
exf2+ 15. Kf1 Qe5 16. Bf5 Kg7 17. Nxc5 Qxc5 18. Qg4 exf5 19. Ne6+ Kh6 20. Qg7+
Kh5 1-0

[Event "XXVIII Memorial Edoardo Crespi A"]
[Site "Milano ITA"]
[Date "2007.12.08"]
[Round "6"]
[White "Bernago, Federico"]
[Black "Cardani, Roberto"]
[Result "0-1"]
[WhiteElo "2002"]
[BlackElo "1923"]
[PlyCount "94"]
[EventDate "2007.12.05"]

1. e4 c5 2. Nf3 d6 3. d3 Nc6 4. Nbd2 g6 5. g3 Bg7 6. Bg2 e5 7. O-O Nge7 8. Re1
O-O 9. c3 h6 10. h3 Be6 11. Nf1 Qd7 12. Kh2 f5 13. Ne3 f4 14. Nc2 Rf7 15. g4
Bf6 16. d4 cxd4 17. cxd4 exd4 18. Bxf4 d3 19. Qxd3 Bxb2 20. Bxh6 Bxa1 21. Rxa1
Ne5 22. Qe3 Nxf3+ 23. Bxf3 Nc6 24. Bg2 d5 25. exd5 Bxd5 26. Rd1 Qc7+ 27. Kg1
Bxg2 28. Kxg2 Qe5 29. Qd3 Qf6 30. Qe3 Ne5 31. Nd4 Nc4 32. Qe2 Nd6 33. Ne6 Ne8
34. Bg5 Qc3 35. Rc1 Qa5 36. Qe4 Kh7 37. h4 Nd6 38. Qd4 Qb6 39. Nc5 Qc6+ 40. Kg1
Rc8 41. Nd3 Qe8 42. Re1 Qf8 43. Ne5 Rg7 44. Rd1 Ne8 45. Nd7 Qf3 46. Ne5 Qc3 47.
Qd5 Rc5 0-1

[Event "XXVIII Memorial Edoardo Crespi A"]
[Site "Milano ITA"]
[Date "2007.12.08"]
[Round "6"]
[White "Bosi, Clint"]
[Black "Iudicello, Giovanni"]
[Result "0-1"]
[WhiteElo "2050"]
[BlackElo "2171"]
[PlyCount "46"]
[EventDate "2007.12.05"]

1. f4 e5 2. e4 Bc5 3. Nf3 d6 4. Bc4 Nc6 5. b4 Nxb4 6. c3 Nc6 7. d4 exd4 8. cxd4
Bb6 9. f5 h6 10. O-O Nf6 11. Nc3 O-O 12. Kh1 Nxe4 13. Nxe4 d5 14. f6 dxe4 15.
fxg7 Kxg7 16. Qd2 Qd6 17. Bb2 exf3 18. Rxf3 Bxd4 19. Raf1 Be6 20. Bxd4+ Nxd4
21. Rf6 Nf5 22. Qc3 Qd4 23. R6xf5 Qxc3 0-1

[Event "XXVIII Memorial Edoardo Crespi A"]
[Site "Milano ITA"]
[Date "2007.12.08"]
[Round "6"]
[White "Bozzali, Ermanno"]
[Black "Vinzoni, Andrea"]
[Result "1/2-1/2"]
[WhiteElo "2136"]
[BlackElo "2073"]
[PlyCount "62"]
[EventDate "2007.12.05"]

1. d4 d5 2. Nf3 Nf6 3. c4 e6 4. cxd5 exd5 5. Nc3 c6 6. Bg5 Be7 7. e3 Bf5 8. Qb3
Qb6 9. Be2 Nbd7 10. O-O O-O 11. h3 Bd6 12. g4 Bg6 13. Bf4 Qc7 14. Bxd6 Qxd6 15.
Nh4 Nb6 16. Nxg6 hxg6 17. Bd3 Rfe8 18. a4 Rxe3 19. fxe3 Qg3+ 20. Kh1 Qxh3+ 21.
Kg1 Qg3+ 22. Kh1 Qh3+ 23. Kg1 Qxe3+ 24. Rf2 Qxd3 25. a5 Nc4 26. Qxb7 Re8 27.
Qxc6 Qg3+ 28. Rg2 Re1+ 29. Rxe1 Qxe1+ 30. Kh2 Qh4+ 31. Kg1 Qe1+ 1/2-1/2

[Event "XXVIII Memorial Edoardo Crespi A"]
[Site "Milano ITA"]
[Date "2007.12.08"]
[Round "6"]
[White "Brunetti, Alessandro"]
[Black "Piantoni, Pierino"]
[Result "0-1"]
[WhiteElo "2002"]
[BlackElo "1942"]
[PlyCount "78"]
[EventDate "2007.12.05"]

1. d4 d5 2. c4 c6 3. cxd5 cxd5 4. Nc3 Nf6 5. Nf3 Bf5 6. Qb3 b6 7. Bf4 a6 8.
Bxb8 Rxb8 9. Ne5 Qd6 10. a4 g6 11. e3 Bc8 12. Be2 Bg7 13. Rc1 O-O 14. h4 Bb7
15. h5 Nd7 16. f4 e6 17. Bd3 Nxe5 18. fxe5 Qe7 19. Qd1 Qg5 20. Qe2 Rbc8 21. Kd2
f6 22. hxg6 hxg6 23. exf6 Bxf6 24. Kc2 Rc7 25. Rcf1 e5 26. dxe5 Bxe5 27. Rxf8+
Kxf8 28. Rf1+ Kg7 29. Qf3 Bf6 30. Qh3 Qe5 31. Rh1 Rxc3+ 32. Kb1 Rxd3 33. Qh8+
Kf7 34. Rh7+ Ke6 35. Qg8+ Kf5 36. g4+ Ke4 37. Qxg6+ Kf3 38. Rh2 Rxe3 39. Qh7
Qe4+ 0-1

[Event "XXVIII Memorial Edoardo Crespi A"]
[Site "Milano ITA"]
[Date "2007.12.08"]
[Round "6"]
[White "Calvi, Gianluca"]
[Black "Abdelatief, Abdelhakiem"]
[Result "1-0"]
[WhiteElo "1901"]
[BlackElo "1930"]
[PlyCount "123"]
[EventDate "2007.12.05"]

1. d4 Nf6 2. c4 e6 3. Nc3 d5 4. e3 c5 5. Nf3 Nc6 6. Bd3 Be7 7. a3 cxd4 8. exd4
dxc4 9. Bxc4 O-O 10. O-O b6 11. Bf4 Bd6 12. Bg5 h6 13. Bh4 Be7 14. Rc1 Bb7 15.
Ba2 Rc8 16. Bb1 g6 17. Re1 Qd7 18. Ne5 Nxe5 19. dxe5 Nd5 20. Bxe7 Qxe7 21. Ne4
Rxc1 22. Qxc1 Kg7 23. Nd6 Ba8 24. Qd2 Rd8 25. Qd4 Qg5 26. h4 Qf4 27. Qxf4 Nxf4
28. Be4 Bxe4 29. Rxe4 Nd3 30. Rd4 Nxe5 31. Nf5+ Kf6 32. Rxd8 Kxf5 33. g3 Ke4
34. Kg2 h5 35. f4 Nc4 36. Rd7 Ne3+ 37. Kf2 Ng4+ 38. Ke2 e5 39. Rxf7 exf4 40.
Rxf4+ Kd5 41. Rf7 a5 42. Rb7 Kc5 43. b4+ Kc6 44. Rg7 Ne5 45. bxa5 bxa5 46. a4
Kc5 47. Rb7 Nc6 48. Ke3 Kc4 49. Ke4 Nb4 50. Rb5 Nc6 51. Kf4 Kd3 52. Rc5 Nd4 53.
Rd5 Kc4 54. Rxa5 Ne2+ 55. Kf3 Nd4+ 56. Ke3 Kb4 57. Kxd4 Kxa5 58. Ke5 Kxa4 59.
Kf6 Kb5 60. Kxg6 Kc6 61. Kxh5 Kd6 62. Kg6 1-0

[Event "XXVIII Memorial Edoardo Crespi A"]
[Site "Milano ITA"]
[Date "2007.12.08"]
[Round "6"]
[White "Cazzaniga, Walter"]
[Black "Facchetti, Gianni"]
[Result "1/2-1/2"]
[WhiteElo "2167"]
[BlackElo "2160"]
[PlyCount "22"]
[EventDate "2007.12.05"]

1. d4 Nf6 2. c4 e5 3. dxe5 Ng4 4. Bf4 Nc6 5. Nf3 Bb4+ 6. Nbd2 Qe7 7. e3 Ngxe5
8. Nxe5 Nxe5 9. Be2 d6 10. O-O Bxd2 11. Qxd2 a5 1/2-1/2

[Event "XXVIII Memorial Edoardo Crespi A"]
[Site "Milano ITA"]
[Date "2007.12.08"]
[Round "6"]
[White "Colica, Daniele"]
[Black "Virzi, Ettore"]
[Result "1/2-1/2"]
[WhiteElo "1860"]
[BlackElo "1956"]
[PlyCount "49"]
[EventDate "2007.12.05"]

1. e4 e5 2. Nf3 Nc6 3. d4 exd4 4. Nxd4 Nf6 5. Nc3 Bb4 6. Nxc6 bxc6 7. Bd3 d5 8.
O-O O-O 9. Bg5 Bxc3 10. bxc3 dxe4 11. Bxf6 Qxf6 12. Bxe4 Qxc3 13. Re1 Be6 14.
Re3 Qc5 15. Qf3 Rab8 16. Rc3 Qa5 17. Qe3 Rb2 18. Rc5 Qb6 19. c4 g6 20. Rxc6
Qxe3 21. fxe3 Re2 22. Rxc7 Rxe3 23. Bd5 Bxd5 24. cxd5 Rd3 25. Rxa7 1/2-1/2

[Event "XXVIII Memorial Edoardo Crespi A"]
[Site "Milano ITA"]
[Date "2007.12.08"]
[Round "6"]
[White "D'Apa, Matteo"]
[Black "Bove, Alessandro"]
[Result "1/2-1/2"]
[WhiteElo "2085"]
[BlackElo "2195"]
[PlyCount "71"]
[EventDate "2007.12.05"]

1. d4 Nf6 2. c4 e6 3. Nc3 d5 4. Nf3 Be7 5. Bg5 Nbd7 6. e3 h6 7. Bh4 O-O 8. Bd3
a6 9. O-O dxc4 10. Bxc4 b5 11. Bd3 c5 12. Rc1 cxd4 13. Nxd4 Bb7 14. a3 Rc8 15.
Bb1 Qb6 16. Qe2 Rfd8 17. Rfd1 Nf8 18. f3 Ba8 19. Bf2 Qb8 20. Bg3 Qb7 21. Kh1
Bc5 22. Nb3 Rxd1+ 23. Nxd1 Bb6 24. Rxc8 Qxc8 25. e4 Nh5 26. Bf2 Nf4 27. Qc2
Qxc2 28. Bxc2 Bxf2 29. Nxf2 Nd7 30. g3 Ng6 31. Nd3 Nge5 32. Nxe5 Nxe5 33. Nd2
b4 34. Kg2 bxa3 35. bxa3 Nc6 36. Nb3 1/2-1/2

[Event "XXVIII Memorial Edoardo Crespi A"]
[Site "Milano ITA"]
[Date "2007.12.08"]
[Round "6"]
[White "Damia, Angelo"]
[Black "Bemporad, Filippo"]
[Result "1-0"]
[WhiteElo "2266"]
[BlackElo "2082"]
[PlyCount "91"]
[EventDate "2007.12.05"]

1. e4 c5 2. a3 d6 3. b4 Nf6 4. Nc3 e6 5. Nf3 Be7 6. Bb5+ Nbd7 7. bxc5 dxc5 8.
e5 Nd5 9. Nxd5 exd5 10. c4 dxc4 11. O-O O-O 12. Bxc4 Nb6 13. Ba2 Bf5 14. d4
cxd4 15. Nxd4 Bg6 16. Bb2 Kh8 17. Qb3 Bc5 18. Rad1 Qe7 19. Nb5 Bf5 20. Qg3 Be6
21. Bb1 Rfd8 22. Nd6 Kg8 23. Bc1 Rd7 24. Bh6 f6 25. Bf4 fxe5 26. Bxe5 Rad8 27.
Bf5 Bxd6 28. Bxe6+ Qxe6 29. Rxd6 Qe7 30. Rxd7 Qxd7 31. h3 Re8 32. Rc1 Rc8 33.
Re1 Re8 34. Kh2 Rc8 35. Re4 Rc4 36. Re3 Rc8 37. Bf6 Qf7 38. Ba1 Nd5 39. Qg4 Rf8
40. Rf3 Qc7+ 41. Rg3 Nf6 42. Qe6+ Qf7 43. Qe5 Nh5 44. Qxh5 Qxh5 45. Rxg7+ Kh8
46. Rg5+ 1-0

[Event "XXVIII Memorial Edoardo Crespi A"]
[Site "Milano ITA"]
[Date "2007.12.08"]
[Round "6"]
[White "De Santis, Alessio"]
[Black "Zacco, Remo"]
[Result "1-0"]
[WhiteElo "2367"]
[BlackElo "1994"]
[PlyCount "67"]
[EventDate "2007.12.05"]

1. d4 f5 2. f3 Nf6 3. Bg5 d6 4. Nc3 Nc6 5. e4 a6 6. Nge2 g6 7. Qd2 h6 8. Be3 e5
9. O-O-O Qe7 10. Nd5 Nxd5 11. exd5 Nd8 12. dxe5 dxe5 13. c4 b6 14. Nc3 Bb7 15.
g4 Nf7 16. gxf5 gxf5 17. Bd3 Bc8 18. Rhe1 Bd7 19. f4 Bg7 20. d6 Qxd6 21. Qg2 e4
22. Qxg7 O-O-O 23. c5 Qe6 24. Bxa6+ Kb8 25. cxb6 cxb6 26. Bxb6 Qxb6 27. Qxf7
Be6 28. Qf6 Rdf8 29. Qe5+ Ka7 30. Rd6 Qf2 31. Qg7+ Bf7 32. Rd7+ Ka8 33. Bb7+
Ka7 34. Bxe4+ 1-0

[Event "XXVIII Memorial Edoardo Crespi A"]
[Site "Milano ITA"]
[Date "2007.12.08"]
[Round "6"]
[White "Drazic, Sinisa"]
[Black "Martinez, Rolly"]
[Result "1/2-1/2"]
[WhiteElo "2493"]
[BlackElo "2447"]
[PlyCount "51"]
[EventDate "2007.12.05"]

1. c4 Nf6 2. Nc3 e6 3. d4 Bb4 4. e3 O-O 5. Nge2 d5 6. a3 Be7 7. Nf4 c6 8. Bd3
dxc4 9. Bxc4 Nbd7 10. O-O e5 11. Nfe2 exd4 12. exd4 Nb6 13. Ba2 Bg4 14. f3 Bf5
15. Ng3 Qd7 16. Re1 Rfe8 17. Nce4 Rad8 18. Be3 Be6 19. Bb1 Nxe4 20. Bxe4 f5 21.
Bc2 Bf6 22. Bf2 g6 23. Ne2 Bc4 24. Bd3 Bxd3 25. Qxd3 Nd5 26. Nc3 1/2-1/2

[Event "XXVIII Memorial Edoardo Crespi A"]
[Site "Milano ITA"]
[Date "2007.12.08"]
[Round "6"]
[White "Giannetta, Paolo"]
[Black "Papale, Carmelo"]
[Result "1-0"]
[WhiteElo "1947"]
[BlackElo "1899"]
[PlyCount "47"]
[EventDate "2007.12.05"]

1. d4 Nf6 2. c4 c5 3. d5 b5 4. cxb5 a6 5. f3 d6 6. e4 axb5 7. Bxb5+ Bd7 8.
Bxd7+ Nbxd7 9. Ne2 g6 10. Nbc3 Bg7 11. Be3 Qa5 12. Qd2 O-O 13. O-O Rfb8 14.
Rab1 Qa6 15. h3 Ne5 16. b3 Nd3 17. Rbd1 Nb4 18. a4 Nd7 19. Nb5 Qa5 20. f4 c4
21. bxc4 Nxd5 22. Qxa5 Rxa5 23. cxd5 Rxa4 24. Nbc3 1-0

[Event "XXVIII Memorial Edoardo Crespi A"]
[Site "Milano ITA"]
[Date "2007.12.08"]
[Round "6"]
[White "Mazzini, Antonio"]
[Black "Quaranta, Cristiano"]
[Result "1/2-1/2"]
[WhiteElo "2106"]
[BlackElo "2070"]
[PlyCount "56"]
[EventDate "2007.12.05"]

1. d4 d5 2. c4 c6 3. Nc3 e6 4. Nf3 dxc4 5. a4 Bb4 6. Bd2 a5 7. e3 b5 8. axb5
Bxc3 9. Bxc3 cxb5 10. b3 Bb7 11. bxc4 b4 12. Bb2 Nf6 13. Bd3 Nbd7 14. O-O O-O
15. Bc2 Qc7 16. c5 Rfd8 17. Nd2 e5 18. Re1 exd4 19. exd4 Qf4 20. g3 Qh6 21. f4
Qh3 22. Ne4 Nxe4 23. Bxe4 Nxc5 24. Bxb7 Nxb7 25. d5 Qc8 26. Rc1 Qd7 27. Qh5 Ra6
28. Qe2 Raa8 1/2-1/2

[Event "XXVIII Memorial Edoardo Crespi A"]
[Site "Milano ITA"]
[Date "2007.12.08"]
[Round "6"]
[White "Quagliarella, Sabino Remo"]
[Black "Crippa, Gabriele"]
[Result "0-1"]
[WhiteElo "1950"]
[BlackElo "2087"]
[PlyCount "72"]
[EventDate "2007.12.05"]

1. d4 Nf6 2. Nf3 d6 3. Nc3 Nbd7 4. e4 e5 5. dxe5 dxe5 6. Bc4 Bc5 7. O-O O-O 8.
Bg5 c6 9. Qe2 Re8 10. Rad1 h6 11. Bh4 Qe7 12. a3 Nf8 13. b4 Bd6 14. Na2 Bg4 15.
h3 Bc8 16. Rd2 Ng6 17. Bg3 Bc7 18. Rfd1 Nh5 19. Kh2 Nhf4 20. Qf1 a5 21. c3 Qf6
22. b5 Nxh3 23. Nxe5 Nxe5 24. Be2 Nf4 25. c4 h5 26. Kh1 h4 27. Bh2 h3 28. g3
Nxe2 29. f4 Bg4 30. Rxe2 Bf3+ 31. Kg1 Bb6+ 32. Rf2 Ng4 33. Rdd2 Rxe4 34. bxc6
bxc6 35. Qb1 Ra6 36. Qb3 Qa1+ 0-1

[Event "XXVIII Memorial Edoardo Crespi A"]
[Site "Milano ITA"]
[Date "2007.12.08"]
[Round "6"]
[White "Rettore, Ludwig"]
[Black "Bisignano, Giuseppe"]
[Result "1-0"]
[WhiteElo "2177"]
[BlackElo "1980"]
[PlyCount "57"]
[EventDate "2007.12.05"]

1. e4 e5 2. Nf3 Nc6 3. Bc4 Nf6 4. d3 h6 5. O-O Bc5 6. c3 Bb6 7. a4 a5 8. Nbd2
d6 9. Bb3 Ne7 10. Nc4 Ba7 11. Nxa5 b5 12. axb5 Bd7 13. Bc4 O-O 14. Qe2 Qe8 15.
d4 Bb6 16. dxe5 dxe5 17. b4 Ng6 18. Ne1 Nf4 19. Bxf4 exf4 20. e5 Bg4 21. Nf3
Nh5 22. Qe4 Bxf3 23. Qxf3 Qxe5 24. Nc6 Qg5 25. Rxa8 Rxa8 26. Ne7+ Qxe7 27.
Qxa8+ Kh7 28. Qf3 Qh4 29. Bd3+ 1-0

[Event "XXVIII Memorial Edoardo Crespi A"]
[Site "Milano ITA"]
[Date "2007.12.08"]
[Round "6"]
[White "Rossi, Giampiero"]
[Black "Moreschi, Mauro"]
[Result "1-0"]
[WhiteElo "1991"]
[BlackElo "1944"]
[PlyCount "49"]
[EventDate "2007.12.05"]

1. d4 b5 2. Bf4 Nf6 3. e3 Bb7 4. Nf3 a6 5. c4 b4 6. Nbd2 e6 7. h3 c5 8. dxc5
Bxc5 9. Nb3 Be7 10. Be2 d6 11. O-O e5 12. Bh2 Nbd7 13. c5 dxc5 14. Nxe5 Nxe5
15. Bxe5 Qb6 16. Bf3 Rd8 17. Qe2 Bxf3 18. Qxf3 O-O 19. Rfd1 Nd7 20. Rxd7 Rxd7
21. Qg4 Bf6 22. Bxf6 Qxf6 23. Qxd7 Qxb2 24. Qd2 Qa3 25. Qc1 1-0